English Football League Teams By Letter - Statistics

General Stats
  • This quiz has been taken 41 times
  • The average score is 54 of 92
Answer Stats
Letter Team % Correct
A Arsenal
94%
C Chelsea
91%
L Liverpool
91%
A Aston Villa
84%
E Everton
84%
L Leeds United
84%
M Manchester City
84%
M Manchester United
84%
Q Queens Park Rangers
84%
B Blackburn Rovers
81%
D Derby County
81%
F Fulham
81%
S Southampton
81%
T Tottenham Hotspur
81%
W Wolverhampton Wanderers
81%
B Blackpool
78%
B Bolton Wanderers
78%
B Brighton & Hove Albion
78%
I Ipswich Town
78%
L Leicester City
78%
N Nottingham Forest
78%
S Sheffield United
78%
S Swansea City
78%
W West Ham United
78%
B Birmingham City
75%
B Brentford
75%
C Cardiff City
75%
N Norwich City
75%
P Portsmouth
75%
S Sheffield Wednesday
75%
S Sunderland
75%
O Oxford United
72%
W West Bromwich Albion
72%
B Burnley
69%
C Coventry City
69%
C Crystal Palace
69%
N Newcastle United
69%
P Plymouth Argyle
69%
W Watford
69%
H Hull City
66%
M Middlesbrough
66%
L Luton Town
63%
S Stoke City
63%
A Accrington Stanley
59%
B Barnsley
59%
C Charlton Athletic
59%
R Reading
59%
A A.F.C Bournemouth
56%
C Cambridge United
56%
B Bradford City
53%
H Huddersfield Town
53%
P Peterborough United
53%
P Preston North End
53%
S Swindon Town
53%
W Wigan Athletic
53%
B Bristol City
50%
G Gillingham
50%
A A.F.C. Wimbledon
47%
B Bristol Rovers
47%
C Cheltenham Town
47%
D Doncaster Rovers
47%
E Exeter City
47%
G Grimsby Town
47%
L Leyton Orient
47%
N Northampton Town
44%
R Rotherham United
44%
W Walsall
44%
C Colchester United
41%
M Mansfield Town
41%
M Milton Keynes Dons
41%
F Fleetwood Town
38%
F Forest Green Rovers
38%
L Lincoln City
38%
M Milwall
38%
S Stevenage
38%
C Crawley Town
34%
C Crewe Alexander
34%
N Newport County
34%
P Port Vale
34%
S Salford City
34%
T Tranmere Rovers
34%
W Wycombe Wanderers
34%
C Carlisle United
31%
H Harrogate Town
31%
S Stockport County
31%
B Burton Albion
28%
M Morecambe
28%
S Shrewsbury Town
28%
R Rochdale
25%
A A.F.C. Barrow
22%
H Hartlepool United
22%
S Sutton United
19%
No matching quizzes found
Score Distribution
Percent of People with Each Score
Percentile by Number Answered
Your Score History
You have not taken this quiz